Máy kéo T.100M

Shranjeno v:
Bibliografske podrobnosti
Format: Knjiga
Jezik:Undetermined
Izdano: Hà Nội Công nhân kỹ thuật 1979
Teme:
Oznake: Označite
Brez oznak, prvi označite!
Thư viện lưu trữ: Trung tâm Học liệu Trường Đại học Cần Thơ
LEADER 00408nam a2200145Ia 4500
001 CTU_12379
008 210402s9999 xx 000 0 und d
082 |a 631.372 
082 |b M112k 
245 0 |a Máy kéo T.100M 
260 |a Hà Nội 
260 |b Công nhân kỹ thuật 
260 |c 1979 
650 |a agricultural machinery,tractors 
980 |a Trung tâm Học liệu Trường Đại học Cần Thơ